00665nam a2200229Ia 4500008004100000020001500041050001000056050001600066100002600082245004600108245006000154245002600214260003200240260001800272260000900290300002400299300002100323300001100344500002900355650002500384650002600409160319s9999 xx 000 0 und d a9715692427 a261.5 b G672f 1997 aGorospe, Vitaliano R. aForming the Filipino social conscience :  bsocial theology from a Filipino Christian perspective / cVitaliano R. Gorospe. aMakati City [Philippines] : bBookmark Inc. c1997 axviii, 289 pages :  billustrations ;  c25 cm. aIncludes bibliographies. aChristian democracy. aSociology, Christian.